Дифференциальная геометрия банаховых многообразий. Дифференциальное исчисление. Многообразия. Линейная связность: учебное пособие

Dettagli Bibliografici
Autore principale: Фомин В. Е. Виктор Егорович
Lingua:russo
Pubblicazione: Казань, Изд-во Казанского ун-та, 1983
Soggetti:
Natura: MixedMaterials Libro
KOHA link:https://koha.lib.tpu.ru/cgi-bin/koha/opac-detail.pl?biblionumber=292844

MARC

LEADER 00000nam0a2200000 4500
001 292844
005 20231102000533.0
035 |a (RuTPU)RU\TPU\book\317496 
090 |a 292844 
100 |a 20150427d1983 m y0rusy5003 ca 
101 0 |a rus 
102 |a RU 
105 |a a j 000zy 
200 1 |a Дифференциальная геометрия банаховых многообразий. Дифференциальное исчисление. Многообразия. Линейная связность  |e учебное пособие  |f В. Е. Фомин 
210 |a Казань  |c Изд-во Казанского ун-та  |d 1983 
215 |a 80 с.  |c черт.  |d 20 см 
606 1 |a Дифференциальная геометрия  |2 stltpush  |3 (RuTPU)RU\TPU\subj\67367  |9 83193 
610 1 |a банаховы многообразия 
610 1 |a банаховы пространства 
610 1 |a дифференциальное исчисление 
610 1 |a учебные пособия 
675 |a 514.7(075.8)  |z rus  |v 4 
700 1 |a Фомин  |b В. Е.  |g Виктор Егорович  |4 070 
801 0 |a RU  |b RuMRKP  |c 19950704  |g psbo 
801 1 |a RU  |b 63413507  |c 20150427 
801 2 |a RU  |b 63413507  |c 20190115  |g RCR 
942 |c BK